ARRUPE JESUIT UNIVERSITY

CORONAVIRUS -STOP THE SPREAD - CLEAN,DISINFECT,COVER

St. Thomas and form as something divine in things / (Record no. 118995)

MARC details
000 -LEADER
fixed length control field 01250cam a22003734a 4500
001 - CONTROL NUMBER
control field 6191600
003 - CONTROL NUMBER IDENTIFIER
control field ARRUPE
005 - DATE AND TIME OF LATEST TRANSACTION
control field 20131203172200.0
008 - FIXED-LENGTH DATA ELEMENTS--GENERAL INFORMATION
fixed length control field 061128s2007 wiu b 000 0 eng
010 ## - LIBRARY OF CONGRESS CONTROL NUMBER
LC control number 2006039580
020 ## - INTERNATIONAL STANDARD BOOK NUMBER
International Standard Book Number 9780874621747 (hardcover : alk. paper)
020 ## - INTERNATIONAL STANDARD BOOK NUMBER
International Standard Book Number 0874621747 (hardcover : alk. paper)
035 ## - SYSTEM CONTROL NUMBER
System control number (OCoLC)ocm76897717
035 ## - SYSTEM CONTROL NUMBER
System control number (NNC)6191600
035 ## - SYSTEM CONTROL NUMBER
System control number (OCoLC)76897717
040 ## - CATALOGING SOURCE
Original cataloging agency DLC
Transcribing agency DLC
Modifying agency BAKER
-- BTCTA
-- RMC
-- RIU
-- C#P
050 00 - LIBRARY OF CONGRESS CALL NUMBER
Classification number B765.T54
Item number D47 2007
300 ## - PHYSICAL DESCRIPTION
Dimensions 19 cm.
100 1# - MAIN ENTRY--PERSONAL NAME
Personal name Dewan, Lawrence,
Dates associated with a name 1932-
9 (RLIN) 4853
245 10 - TITLE STATEMENT
Title St. Thomas and form as something divine in things /
Statement of responsibility, etc Lawrence Dewan.
246 3# - VARYING FORM OF TITLE
Title proper/short title Saint Thomas and form as something divine in things
260 ## - PUBLICATION, DISTRIBUTION, ETC. (IMPRINT)
Place of publication, distribution, etc Milwaukee, Wis. :
Name of publisher, distributor, etc Marquette University Press,
Date of publication, distribution, etc c2007.
300 ## - PHYSICAL DESCRIPTION
Extent 98 p. ;
490 1# - SERIES STATEMENT
Series statement The Aquinas lecture ;
Volume number/sequential designation 2007
504 ## - BIBLIOGRAPHY, ETC. NOTE
Bibliography, etc Includes bibliographical references (p. 55-93).
600 00 - SUBJECT ADDED ENTRY--PERSONAL NAME
Personal name Thomas,
Titles and other words associated with a name Aquinas, Saint,
Dates associated with a name 1225?-1274.
9 (RLIN) 4854
600 00 - SUBJECT ADDED ENTRY--PERSONAL NAME
Personal name Aristotle.
9 (RLIN) 4855
600 00 - SUBJECT ADDED ENTRY--PERSONAL NAME
Personal name Plato.
9 (RLIN) 4856
650 #0 - SUBJECT ADDED ENTRY--TOPICAL TERM
Topical term or geographic name as entry element Form (Philosophy)
9 (RLIN) 4857
830 #0 - SERIES ADDED ENTRY--UNIFORM TITLE
Uniform title Aquinas lecture ;
Volume number/sequential designation 2007.
9 (RLIN) 4858
942 ## - ADDED ENTRY ELEMENTS (KOHA)
Source of classification or shelving scheme Library of Congress Classification
Koha item type Monograph ( Printed materials)
948 1# - LOCAL PROCESSING INFORMATION (OCLC); SERIES PART DESIGNATOR (RLIN)
Series part designator, SPT (RLIN) 20070613
b (OCLC) c
c (OCLC) dc21
d (OCLC) MPS
948 2# - LOCAL PROCESSING INFORMATION (OCLC); SERIES PART DESIGNATOR (RLIN)
Series part designator, SPT (RLIN) 20070626
b (OCLC) a
c (OCLC) vt2130
d (OCLC) MPS
Holdings
Withdrawn status Lost status Source of classification or shelving scheme Damaged status Not for loan Collection code Home library Current library Shelving location Date acquired Total Checkouts Full call number Barcode Date last seen Price effective from Koha item type
    Library of Congress Classification     Main Collection ARRUPE LIBRARY ARRUPE LIBRARY Main Collection 03/12/2013   B765.T54 D47 2007 46410890 03/12/2013 03/12/2013 Monograph ( Printed materials)

 

Arrupe Library. PO Box MP320 Mt Pleasant, Harare, Zimbabwe
263 242 745411|librarian@aju.ac.zw